000 00276nam a2200109Ia 4500
008 190919s9999||||xx |||||||||||||| ||und||
100 _aVanessa Jakeman
245 0 _aInsight in to IELTS Extra with Answers
260 _aIndia
_bCambridge
_c1995
300 _a604
942 _cBK
999 _c10578
_d10578